Countries Entirely in the Southern Hemisphere (Oceania) - Statistics

General Stats
  • This quiz has been taken 23 times
  • The average score is 8 of 8
Answer Stats
Answer % Correct
Australia
100%
Fiji
100%
New Zealand
100%
Nauru
94%
Samoa
94%
Tonga
94%
Tuvalu
94%
Papua New Guinea
88%
No matching quizzes found
Score Distribution
Percent of People with Each Score
Percentile by Number Answered
Your Score History
You have not taken this quiz